LEADER 02999nam 2200673Ia 450 001 9910455833803321 005 20200520144314.0 010 $a1-283-90406-3 010 $a1-4175-0196-0 010 $a1-84642-362-7 035 $a(CKB)111087028266992 035 $a(EBL)290780 035 $a(OCoLC)70773952 035 $a(SSID)ssj0000252366 035 $a(PQKBManifestationID)11204904 035 $a(PQKBTitleCode)TC0000252366 035 $a(PQKBWorkID)10180599 035 $a(PQKB)11182580 035 $a(MiAaPQ)EBC290780 035 $a(Au-PeEL)EBL290780 035 $a(CaPaEBR)ebr10064494 035 $a(CaONFJC)MIL421656 035 $a(EXLCZ)99111087028266992 100 $a20040202d2003 uy 0 101 0 $aeng 135 $aur|n|---||||| 181 $ctxt 182 $cc 183 $acr 200 10$aStrengthening emotional ties through parent-child-dyad art therapy$b[electronic resource] $einterventions with infants and preschoolers /$fLucille Proulx 210 $aLondon $cJessica Kingsley$d2003 215 $a1 online resource (194 p.) 300 $aDescription based upon print version of record. 311 $a1-84985-235-9 311 $a1-84310-713-9 320 $aIncludes bibliographical references and index. 327 $aStrengthening Emotional Ties through Parent-Child-Dyad Art Therapy; Contents; List of Figures; Foreword; Foreword; Acknowledgements; Introduction; 1. Clinical Issues in Parent- Child-Dyad Art Therapy; 2. The Role of the Parent as Partner in Child Art Therapy; 3. The Sensory Experience and Internalization; 4. The Art Therapy Attachment Metaphor; 5. Symbols and Metaphors in Art Making; 6. The Role of the Art Therapist as a Facilitator and Interpreter; 7. Conclusion; Appendix A References to Assessment Tools; Appendix B Dyad Art Therapy Interventions Equipment and Material Presentations 327 $aReferencesSubject Index; Author Index 330 $aProulx explores many aspects of dyad art therapy including attachment relationship theories, roles in dyad interventions, the importance of the tactile experience and ways in which dyad art therapy can be used. This original book will be invaluable to mental health professionals and to parents wishing to enrich interactions with their children. 606 $aArt therapy for children 606 $aArts$xTherapeutic use 606 $aChild development 606 $aChild psychiatry 606 $aFamily psychotherapy 608 $aElectronic books. 615 0$aArt therapy for children. 615 0$aArts$xTherapeutic use. 615 0$aChild development. 615 0$aChild psychiatry. 615 0$aFamily psychotherapy. 676 $a618.92891656 700 $aProulx$b Lucille$f1932-$0981682 801 0$bMiAaPQ 801 1$bMiAaPQ 801 2$bMiAaPQ 906 $aBOOK 912 $a9910455833803321 996 $aStrengthening emotional ties through parent-child-dyad art therapy$92240492 997 $aUNINA LEADER 04563nam 2200529 450 001 9910792680703321 005 20230810001553.0 010 $a3-11-049178-8 024 7 $a10.1515/9783110492965 035 $a(CKB)3710000000974692 035 $a(MiAaPQ)EBC4768989 035 $a(DE-B1597)469398 035 $a(OCoLC)979912584 035 $a(DE-B1597)9783110492965 035 $a(Au-PeEL)EBL4768989 035 $a(CaPaEBR)ebr11316774 035 $a(CaONFJC)MIL970159 035 $a(OCoLC)963606442 035 $a(EXLCZ)993710000000974692 100 $a20161223h20172017 uy 0 101 0 $ager 135 $aurcnu|||||||| 181 $2rdacontent 182 $2rdamedia 183 $2rdacarrier 200 10$aBeteiligung des privatsektors am strassenbau $eam beispiel mexikos /$fCecilia Ponce Rivera 210 1$aBerlin, [Germany] ;$aBoston, [Massachusetts] :$cDe Gruyter,$d2017. 210 4$d©2017 215 $a1 online resource (532 pages) 311 $a3-11-049296-2 311 $a3-11-049455-8 320 $aIncludes bibliographical references. 327 $tFrontmatter -- $tVorwort -- $tInhalt -- $tEinleitung -- $t1. Die Beteiligung des Privatsektors an öffentlichen Verwaltungsaufgaben -- $t2. Privatsektorbeteiligung, Privatisierung und PPP -- $t3. Definition von PPP im Rahmen dieser Arbeit -- $t4. PPP-Vertragsmodelle -- $t5. Internationale Anwendung von PPP-Modellen für Autobahnen -- $t6. Deutschland: PPP-Modelle bei Bundesautobahnen -- $t7. Mexiko und seine Autobahnen -- $t1. Einführung -- $t2. Die Kriterien, auf denen die Reformvorschläge beruhen -- $t3. Orientierung an Best Practice -- $t4. Vermeidung von Geldwäsche: eine internationale Herausforderung -- $tEinführung -- $tA. Machbarkeitsstudie eines Autobahnprojekts unter einer PPP-Modell-Variante -- $tB. Das Vergabeverfahren: Art der Vergaben -- $tC. Die Vergabeverfahren: Angebotsbewertung und Konzessionserteilung -- $tD. Antigeldwäschereform -- $tZusammenfassung in Thesen -- $tLiteraturverzeichnis -- $tRechtsprechung und Case Law 330 $aAusgehend von einem Überblick über die sehr unterschiedliche Entwicklung des Straßenbausektors in Deutschland und Mexiko, werden die weltweit repräsentativsten Vergaberechtssysteme in Bezug auf redliche Vergabeverfahren, nämlich diejenigen der USA und der EU, verglichen, um eine Best-Practice-Basis für die folgenden Reformüberlegungen zu entwickeln. Im Fokus stehen dabei das amerikanische Prinzip ?best value for taxpayers? money", das die ?buying power" im Interesse des Staates nutzt, sowie der im deutschen Recht zentrale Rechtschutz für den Bieter nach den grundlegenden Prinzipien von Wettbewerb, Transparenz und Gleichbehandlung. Die daraus entwickelten Reformen verfolgen das Ziel, den mangelhaft ausgestalteten mexikanischen Ausschreibungsprozess zu verbessern und durch die Gewährleistung von Transparenz, Unparteilichkeit und Rechtssicherheit mehr Investitionen anzuziehen. In diesem Rahmen werden auch Gesetzeslücken identifiziert, die Korruption im Vergabeverfahren ermöglichen. Die Reformen sind auf die verschiedenen Phasen des mexikanischen Ausschreibungsprozesses abgestimmt: von den Machbarkeitsstudien der Projekte und ihrer Planung über die Entwicklung des Wettbewerbsverfahrens, die Bewertung der Angebote und die Zuschlagsentscheidung bis hin zur Konzessionsausführung. Damit sollen der subjektive Rechtsschutz definiert, die Aufgaben des Auftraggebers erleichtert und die optimale Verwendung von öffentlichen Mitteln ermöglicht werden. Die letzte Gruppe von Reformen konzentriert sich auf die Bekämpfung von Korruption und Geldwäsche über Treuhandfonds durch Verfahren zur Prüfung der legitimen Herkunft der Finanzmittel und die Überwachung der Geschäftsbeziehungen über die gesamte Laufzeit des Projekts. 330 $aFocusing on Mexico as a case study, this work examines legal frameworks for public-private partnerships in the area of highway construction. Based on best practices and on US and EU laws, the author develops proposals for reforming the Mexican tendering process and attracting more investment by assuring transparency, impartiality, and legal certainty. 606 $aRoads$xFinance 615 0$aRoads$xFinance. 676 $a388.11 686 $aPN 992$2rvk 700 $aPonce Rivera$b Cecilia$01529952 801 0$bMiAaPQ 801 1$bMiAaPQ 801 2$bMiAaPQ 906 $aBOOK 912 $a9910792680703321 996 $aBeteiligung des privatsektors am strassenbau$93774553 997 $aUNINA